Score 0/42 Timer 20:00
0 Plays Today
Hint Answer % Correct
I'm a bloody rock god!Charlie
100%
I'm a regional collections manager for a cardboard manufacturer... boxes primarily.Locke
100%
I am a torturer.Sayid
98.7%
I'm the only Australian who loves peanut butter.Claire
98.7%
I'm a big guy, it's going to be a while before you want to give me a piggyback ride.Hurley
96.1%
I'm a dentist.Bernard
94.7%
I'm the smoke thing.Man in Black
94.7%
I'm a lifeguard. I'm licensed.Boone
93.4%
I'm the one that burned the raft.Walt
93.4%
I'm a complex guy, sweetheart.Sawyer
92.1%
I'm a hunter.Locke
84.2%
I'm a con man, not a murderer.Anthony Cooper
78.9%
I'm the luckiest guy alive.Hurley
71.1%
I'm the one who came back. I'm the one who's here. I'm the one who saved you.Jack
69.7%
I'm an ordinary man, Jack, meat and potatoes.Locke
68.4%
I'm a janitor?!Roger
68.4%
I'm the guy who told you not to worry about the turbulence.Jack
67.1%
I'm bloody scum.Charlie
63.2%
I'm the last living member of the Dharma Initiative.Mikhail
61.8%
I'm a vegetarian.Kate
60.5%
I'm a repo man.Jack
60.5%
Hint Answer % Correct
I'm a repo woman.Juliet
59.2%
I'm a fishing fiend.Charlie
56.6%
I'm the part of you that wants to wake up, man.Dave
53.9%
I'm a candidate and I can do what I want.Hurley
53.9%
I'm a coward.Desmond
51.3%
I am dead. But I'm also here.Charlie
47.4%
I'm a lot more than just an orderly, John.Matthew Abaddon
47.4%
I am real.Libby
46.1%
I'm a mess.Juliet
39.5%
I'm a really good paddler.Hurley
38.2%
I'm an old friend of Juliet's.Harper
36.8%
I'm a Pisces.Ben
32.9%
I'm an old man and it's a long list.Anthony Cooper
28.9%
I'm an attorney for Oceanic Airlines.Matthew Abaddon
26.3%
I'm a lawyer, sweetheart, I can tell when someone's stalling.Susan
25%
I'm a lefty.Ray Mullen
18.4%
I'm the only one left.Zoe
17.1%
I'm the one that's got to tell him it's gonna be okay.Mrs. Dawson
15.8%
I'm just the clown with a pretty face.Liam
15.8%
I'm a man of high moral standing.Charlie
14.5%
I'm a tree cutter. I cut trees.Essam
11.8%
Remove Ads.
Support Sporcle.
Get the best of Sporcle when you Go Orange. This ad-free experience offers more features, more stats, and more fun while also helping to support Sporcle. Thank you for becoming a member.

You're not logged in!

Compare scores with friends on all Sporcle quizzes.
OR
Log In

Show Comments

Extras

Created Dec 31, 2014ReportNominate
Tags:Character, faith, Lost (ABC), Man

Top Quizzes Today


Score Distribution

Your Account Isn't Verified!

In order to create a playlist on Sporcle, you need to verify the email address you used during registration. Go to your Sporcle Settings to finish the process.

Report this User

Report this user for behavior that violates our Community Guidelines.

Details: